<?xml version="1.0" encoding="UTF-8"?>
<collection xmlns="http://www.loc.gov/MARC21/slim">
    <record>
        <controlfield tag="001">32450</controlfield>
        <controlfield tag="005">20160204081738.0</controlfield>
        <datafield tag="037" ind1=" " ind2=" ">
            <subfield code="a">TAZ-TFG-2015-958</subfield>
        </datafield>
        <datafield tag="041" ind1=" " ind2=" ">
            <subfield code="a">spa</subfield>
        </datafield>
        <datafield tag="100" ind1="1" ind2=" ">
            <subfield code="a">Sancho Martín, Elisa</subfield>
        </datafield>
        <datafield tag="245" ind1="0" ind2="0">
            <subfield code="a">Actualización del principio Ético de Confidencialidad desde la profesión de Terapia Ocupacional</subfield>
        </datafield>
        <datafield tag="260" ind1=" " ind2=" ">
            <subfield code="a">Zaragoza</subfield>
            <subfield code="b">Universidad de Zaragoza</subfield>
            <subfield code="c">2015</subfield>
        </datafield>
        <datafield tag="506" ind1=" " ind2=" ">
            <subfield code="a">by-nc-sa</subfield>
            <subfield code="b">Creative Commons</subfield>
            <subfield code="c">3.0</subfield>
            <subfield code="u">http://creativecommons.org/licenses/by-nc-sa/3.0/</subfield>
        </datafield>
        <datafield tag="520" ind1=" " ind2=" ">
            <subfield code="a">El principio ético de confidencialidad forma parte de documentos publicados a nivel bioético, legal y específico en los códigos deontológicos de cada ambiente laboral sanitario. Implica el cumplimiento del respeto a la intimidad de la persona que recibe cualquier tipo de servicio en el ámbito de la salud. Su origen o aparición se establece en el Juramento Hipocrático, y es a través de dicho documento por el cual cada profesión sanitaria constituye su código deontológico correspondiente. La palabra confidencialidad también presenta historia y culmina con los distintos documentos presentes en la actualización. Todos estos documentos se redactaron a lo largo de los años por diversas razones éticas e investigaciones bélicas. Desde Terapia Ocupacional se presenta en los distintos documentos deontológicos que desarrollan el término de distintas maneras. No todos ellos muestran el término presente de confidencialidad en su exposición, sino que hacen referencia al mismo con otras denominaciones. El objetivo de este trabajo es actualizar el principio ético de confidencialidad desde los ámbitos bioético, legal y desde Terapia Ocupacional para establecer la importancia del término y demostrar su importancia. Este objetivo se desarrolla realizando un análisis de los diferentes documentos legales, bioéticos y de códigos deontológicos que se establecen en Terapia Ocupacional. A través de lo descrito en cada uno de ellos podremos comparar si aparece o no el término confidencialidad y demostraremos con ello, si presenta relevancia y desde cuando la muestra.</subfield>
        </datafield>
        <datafield tag="521" ind1=" " ind2=" ">
            <subfield code="a">Graduado en Terapia Ocupacional</subfield>
        </datafield>
        <datafield tag="540" ind1=" " ind2=" ">
            <subfield code="a">Derechos regulados por licencia Creative Commons</subfield>
        </datafield>
        <datafield tag="700" ind1=" " ind2=" ">
            <subfield code="a">Laborda Soriano, Ana Alejandra</subfield>
            <subfield code="e">dir.</subfield>
        </datafield>
        <datafield tag="710" ind1="2" ind2=" ">
            <subfield code="a">Universidad de Zaragoza</subfield>
            <subfield code="b"> </subfield>
            <subfield code="c"></subfield>
        </datafield>
        <datafield tag="856" ind1="0" ind2=" ">
            <subfield code="f">627311@celes.unizar.es</subfield>
        </datafield>
        <datafield tag="856" ind1="4" ind2=" ">
            <subfield code="s">243352</subfield>
            <subfield code="u">http://zaguan.unizar.es/record/32450/files/TAZ-TFG-2015-958.pdf</subfield>
            <subfield code="y">Memoria (spa)</subfield>
        </datafield>
        <datafield tag="909" ind1="C" ind2="O">
            <subfield code="o">oai:zaguan.unizar.es:32450</subfield>
            <subfield code="p">driver</subfield>
            <subfield code="p">trabajos-fin-grado</subfield>
        </datafield>
        <datafield tag="950" ind1=" " ind2=" ">
            <subfield code="a"></subfield>
        </datafield>
        <datafield tag="951" ind1=" " ind2=" ">
            <subfield code="a">deposita:2015-11-11</subfield>
        </datafield>
        <datafield tag="980" ind1=" " ind2=" ">
            <subfield code="a">TAZ</subfield>
            <subfield code="b">TFG</subfield>
            <subfield code="c">EUCS</subfield>
        </datafield>
    </record>

    
</collection>